[Event "Copenhagen-ch"]
[Site "Copenhagen"]
[Date "2004.10.14"]
[Round "6"]
[White "Nielsen, Thomas"]
[Black "Thestrup, Sixten"]
[Result "1/2-1/2"]
[WhiteElo "1994"]
[BlackElo "1906"]
[PlyCount "34"]
[EventDate "2004.10.09"]
[EventType "swiss"]
[EventRounds "9"]
[EventCountry "DEN"]
[SourceTitle "EXT 2018"]
[Source "ChessBase"]
[SourceDate "2017.10.13"]
[SourceVersion "1"]
[SourceVersionDate "2017.10.13"]
[SourceQuality "1"]

1. d4 d6 2. c4 Nf6 3. Nc3 g6 4. e4 Bg7 5. f3 c6 6. Be3 0-0 7. Qd2 e5 8. d5 cxd5 9. cxd5 a6 10. Bd3 b5 11. Nge2 Nbd7 12. 0-0 Ne8 13. Kh1 f5 14. exf5 gxf5 15. Bg5 Bf6 16. Bh6 Bg7 17. Bg5 Bf6 1/2-1/2

[Event "Politiken Cup 26th"]
[Site "Copenhagen"]
[Date "2004.07.25"]
[Round "2"]
[White "Radovic, Stefan"]
[Black "Thestrup, Sixten"]
[Result "0-1"]
[WhiteElo "2203"]
[BlackElo "1917"]
[PlyCount "64"]
[EventDate "2004.07.24"]
[EventType "swiss"]
[EventRounds "10"]
[EventCountry "DEN"]
[SourceTitle "CBM 101 Extra"]
[Source "ChessBase"]
[SourceDate "2004.09.01"]
[SourceVersion "2"]
[SourceVersionDate "2004.09.01"]
[SourceQuality "1"]

1. d4 f5 2. Nc3 Nf6 3. Bg5 e6 4. e4 fxe4 5. Nxe4 Be7 6. Bxf6 Bxf6 7. Nxf6+ Qxf6 8. Qh5+ g6 9. Qe5 0-0 10. Nf3 b6 11. Be2 Nc6 12. Qxf6 Rxf6 13. 0-0-0 Nb4 14. Kb1 Nd5 15. g3 Bb7 16. Rhe1 Nc3+ 17. bxc3 Bxf3 18. c4 Raf8 19. Rd2 g5 20. Kb2 Bb7 21. f4 gxf4 22. gxf4 Rxf4 23. Bd3 Rf2 24. Rg1+ Kh8 25. Rxf2 Rxf2 26. h3 Rg2 27. Rf1 Kg7 28. Rf4 Rg3 29. Rh4 h6 30. Rg4+ Rxg4 31. hxg4 Bf3 32. d5 Bxg4 0-1

[Event "DEN-ch B5 Gr1"]
[Site "Koge"]
[Date "2004.04.??"]
[Round "4"]
[White "Andreasen, Bjarke"]
[Black "Thestrup, Sixten"]
[Result "1/2-1/2"]
[WhiteElo "1874"]
[BlackElo "1787"]
[PlyCount "95"]
[EventDate "2004.04.08"]
[EventType "swiss"]
[EventRounds "5"]
[EventCountry "DEN"]
[SourceTitle "EXT 2023"]
[Source "ChessBase"]
[SourceDate "2022.10.05"]
[SourceVersion "1"]
[SourceVersionDate "2022.10.05"]
[SourceQuality "1"]

1. e4 d6 2. g3 Nf6 3. Bg2 g6 4. Ne2 Bg7 5. 0-0 0-0 6. d3 c6 7. c4 Qb6 8. Nbc3 e5 9. h3 a5 10. Be3 Qc7 11. Kh2 Ne8 12. f4 f5 13. Qd2 Be6 14. Rae1 Nd7 15. b3 Kh8 16. exf5 Bxf5 17. d4 Nef6 18. d5 exf4 19. Bxf4 Ne5 20. Nd4 Nd3 21. Nxf5 Nxe1 22. Bxd6 Qd7 23. Bxf8 Bxf8 24. Qxe1 gxf5 25. dxc6 bxc6 26. Qe5 Bg7 27. Qxf5 Qd2 28. Ne4 Nxe4 29. Qxe4 Qxa2 30. Qxc6 Rg8 31. Qa4 Qd2 32. Rf3 Qe1 33. c5 Qd1 34. Qc4 Bd4 35. Qf1 Qxf1 36. Bxf1 Bxc5 37. Bc4 Rf8 38. Kg2 Rxf3 39. Kxf3 Kg7 40. Ke4 h6 41. Kf5 Bb4 42. g4 Bc3 43. h4 Bb4 44. h5 Bc3 45. g5 hxg5 46. Kxg5 Bd2+ 47. Kg4 Kh6 48. Kh4 1/2-1/2